|
|
|
|
| LEADER |
00000nab a22000007a 4500 |
| 001 |
vtls010671945 |
| 003 |
SK-MaSNL |
| 005 |
20260304184310.0 |
| 008 |
250708s2007 xo |||||||||||||||||slo| |
| 035 |
|
|
|a (urnnbn)urn:nbn:sk:snk:ar-a069ti
|
| 035 |
|
|
|a (uuid)92376552-60ef-4910-8053-3f811d2b8542
|
| 035 |
|
|
|a urn:nbn:sk:snk-ab18jf
|
| 040 |
|
|
|a SNKBUCL
|b slo
|c SNKBUCL
|e AACR2
|
| 041 |
0 |
|
|a cze
|
| 044 |
|
|
|a xo
|c SK
|
| 100 |
1 |
|
|a Machovcová, Alena
|4 aut
|9 1130354
|
| 245 |
1 |
0 |
|a EPIKUTÁNNÍ TESTY
|c Alena Machovcová
|
| 773 |
0 |
|
|t Dermatológia pre prax
|g Roč. 1, č. 3-4 (2007), s. 121-123
|
| 850 |
|
|
|a Slovenská národná knižnica
|
| 852 |
|
|
|a Slovenská národná knižnica
|
| 954 |
|
|
|a odborná, vedecká literatúra cudzojazyčná (svetová)
|2 lita
|
| 958 |
|
|
|a article
|
| 958 |
|
|
|a OND
|
| 958 |
|
|
|a EUIPO
|
| 999 |
|
|
|c 3037310
|d 3039240
|